01254nam a2200385 i 45000010005000000030009000050050017000140080039000310200015000700400036000850410008001210800008001290800012001371000043001492450070001922500017002622600048002793000040003273360027003673370054003943380028004483800016004763800027004923850039005193880014005583880014005724900022005866500020006086550030006286580011006587000045006697100028007148560097007428300029008396454KOSZ 00520200814144727.0 s1993 pl f |000 0 pol a8301055545 cKOSZ 005aKOSZ 005dKOSZ 005/EG apol a544 a(075.8)1 aPigoń, Krzysztofd(1925-2001)eAutor10aChemia fizyczna.nCz.1 /cKrzysztof Pigoń, Zdzisław Ruziewicz. aWyd. 4 popr. aWarszawa :bWydawnictwo Naukowe PWN,c1993. a467, [1] s. :brys. wykr. ;c24 cm. 2rdacontentaTekstbtxt 2rdamediaaBez urządzenia pośredniczącegobn 2rdacarrieraWoluminbnc aKsiążki aPublikacje dydaktyczne mPoziom nauczaniaaSzkoły wyższe a1901-2000 a1989-20001 aBiblioteka Chemii 7aChemia fizyczna aPodręczniki akademickie aChemia1 aRuziewicz, Zdzisławd(1925-1997)eAutor2 aWydawnictwo Naukowe PWN uhttp://koha.tu.koszalin.pl/cgi-bin/koha/opac-detail.pl?biblionumber=6454yKatalog online BPK aBiblioteka Chemii vT. 4